000
00312nam a2200133Ia 4500
008
191201s2005 xx 000 0 und d
082
_a
658.069
_b
BAF
100
_a
BANERJEE, Bani P
245
0
_a
Foundation of Ethics
260
_a
N.Delhi
_b
Excel Books
_c
2005
300
_a
176
650
_a
MBA
942
_2
ddc
_c
BK
999
_c
2711
_d
2711